Revízni technici tlakových zariadení zborník prednášok

Bibliographic Details
Main Authors: Medveď, Jozef, technik (Author), Kováč, Marián (Author), Mušuta, František (Author), Bátovský, Ľubomír (Author), Bálik, Ján (Author)
Format: Book
Language:Slovak
Czech
Published: Žilina KOVOSP 1992
Edition:[1. vyd.]
Subjects:

MARC

LEADER 00000nam a2200000 a 4500
001 vtls001071520
003 SK-MaSNL
005 20260301153052.0
008 240226s1992 xo f 100 0 slo
015 |a SNBA1993/05 
020 |a 8096695002 
035 |a SNK000014351 
035 |a urn:nbn:sk:snk-amkpon 
035 |a urn:nbn:sk:snk-am005f7y 
035 |a E6B0ADD0-E87E-4045-8740-5C4E73C1AC5B 
040 |a SNK  |b slo  |c SNK  |e AACR2 
041 0 |a slo  |a cze 
044 |a xo  |c SK 
080 |a 621.182(082)  |2 1981 
245 0 0 |a Revízni technici tlakových zariadení  |b zborník prednášok  |c aut. kol. 
250 |a [1. vyd.] 
260 |a Žilina  |b KOVOSP  |c 1992 
300 |a 90 s.  |b sch., tab.  |c 29 cm 
546 |a Čl. aj čes. 
650 0 7 |a tlakové zariadenia  |2 SNK  |9 69943 
655 7 |a zborníky  |2 SNK  |9 70165 
700 1 |a Medveď, Jozef,  |c technik  |4 aut  |9 396307 
700 1 |a Kováč, Marián  |4 aut  |9 9569 
700 1 |a Mušuta, František  |4 aut  |9 45945 
700 1 |a Bátovský, Ľubomír  |4 aut  |9 514263 
700 1 |a Bálik, Ján  |4 aut  |9 396308 
919 |a 80-966950-0-2 
999 |c 791321  |d 793251 
952 |t P60, <04>, [BOOK], {604}  |a SNK  |b SNK  |y VYP  |7 0  |p 17A0146078  |o snkSB 50993 D1  |0 0  |1 0  |4 0  |d 1998-07-02  |f 1  |l 0  |r 2004-12-31 00:00:00  |w 2026-02-24 
952 |a SNK  |b SNK  |y PREZ  |7 0  |p 17A0805226  |o snkSB 50993   |0 0  |1 0  |4 0  |d 2012-07-18  |l 0  |r 2025-03-12 00:00:00  |w 2026-02-24